| 000 | 005770000a22001810004500 | ||
|---|---|---|---|
| 003 | MACL | ||
| 005 | 20160424164814.0 | ||
| 008 | 160424b xxu||||| |||| 00| 0 eng d | ||
| 040 |
_aMACL _cMACL |
||
| 041 | _aHindi | ||
| 082 | _a800/SAT | ||
| 100 |
_aडॉ सत्येन्द्र _938762 |
||
| 245 | _aबंगला साहित्य का संक्षिप्त इतिहास | ||
| 260 |
_bहिन्दी समिति _c1968 _aलखनउ |
||
| 350 | _a5.50 | ||
| 650 |
_aLiteracture _953954 |
||
| 942 |
_cHIN _k800/SAT/L _2ddc |
||
| 999 |
_c22400 _d22400 |
||